| 000 | 00871nam a22002057a 4500 | ||
|---|---|---|---|
| 999 |
_c8988 _d8988 |
||
| 003 | AR-CdUCM | ||
| 008 | 190327b ||||| |||| 00| 0 spa d | ||
| 040 |
_aMUNICIPALIDAD PROVINCIAL DEL CUSCO _cBIBLIOTECA MUNICIPAL DEL CUSCO |
||
| 082 |
_a869.56 / _bA29 |
||
| 100 |
_aAguilar, Rafael _917799 |
||
| 245 |
_aPoesías : _cSelección, prólogo y notas de Oscar Coello / |
||
| 260 |
_aLima : _bFundación Privada Rafael Aguilar Paez, _c1991. |
||
| 300 |
_a356 páginas ; _c21 cm. |
||
| 505 | _aContenido: t.1: Machupijchu --Motivos cusqueños -- Lo vivo, los padezco y lo expió -- Que entre tus hijos se extingan los rencores -- Bajo el techo del hogar que es nuestro, t.2: Absurdo acariciando -- Adios -- Alguno te recuerda... | ||
| 650 |
_aPoesías peruanas _91481 |
||
| 650 |
_aPoeta cusqueño _924907 |
||
| 650 |
_aSiglo XX _98 |
||
| 942 |
_2ddc _cLIBROS |
||
| 945 | _adavv | ||